000 00304nam a22001337a 4500
008 170405b xxu||||| |||| 00| 0 eng d
020 _a9780205262076
041 _aeng
080 _a574
100 _a9
101 _aSHM
245 _aHUMAN BEHAVIRO SOCIAL ENVIROMENT
_cSCHRIVER.J.M
942 _2udc
_cBK
999 _c9736
_d9736